Największe miasta Estoni - Statystyki

Ogólne statystyki
  • Ten quiz został rozwiązany 19 razy
  • Średni wynik to 4 z 10
Statystyki odpowiedzi
Liczba ludności Miasto % Poprawnych
430805 Tallinn
100%
56103 Narwa
72%
93715 Tartu
67%
39375 Parnawa
56%
13276 Kuressaare
22%
15413 Rakvere
17%
17525 Viljandi
17%
34394 Kohtla-Järve
11%
15189 Maardu
6%
12989 Sillamäe
6%
Nie znaleziono quizów pasujących do podanych kryteriów
Rozkład punktacji
Procent ludzi z każdym wynikiem
Percentyl według liczby udzielonych odpowiedzi
Twoja historia wyników
Nie rozwiązałeś tego quizu